El sabor de mi tierra / (Registro nro. 10440)

Detalles MARC
000 -LIDER
fixed length control field 00846nam a22002657a 4500
001 - NÚMERO DE CONTROL
Identificador de número de control 1462
003 - IDENTIFICACDOR DE NÚMERO DE CONTROL
control field DO-SdBNP
005 - DATE AND TIME OF LATEST TRANSACTION
control field 20231023103924.0
007 - CAMPOS FIJOS DE DESCRIPCIÓN FÍSICA
fixed length control field 1462
008 - ELEMENTOS DE LONGITUD FIJA
fixed length control field 160620b2013 dr | 0 spa d
020 ## - ISBN
International Standard Book Number 9789945456004
040 ## - FUENTE DE CATALOGACIÓN
Agencia que crea de manera original el registro BPMSU
Idioma de catalogación spa
Agencia que realiza la transcripción BPMSU
082 #4 - NÚMERO DE CLASIFICACIÓN DECIMAL DE DEWEY
Classification number 641.5
Item number C348s 2013
Edition number 22
100 1# - ASIENTO PRINCIPAL -- NOMBRE PERSONAL
Nombre personal Castellanos, Socorro
245 13 - MENCIÓN DE TITULO
Título El sabor de mi tierra /
Mención de responsabilidad Socorro Castellanos ; fotografías Mariano Hernández, Jorge Cruz
260 ## - PUBLICACIÓN, DISTRIBUCIÓN, ETC. (PIE DE IMPRENTA)
Lugar de publicación, distribución, etc Santo Domingo :
Nombre del editor, distribuidor, etc. Aguilar,
Fecha de publicación, distribución, etc 2013
300 ## - DESCRIPCIÓN FÍSICA
Extensión 153 p. :
Otros detalles físicos ils ;
Dimensiones 29 cm
590 ## - NOTA LOCAL
Texto de la nota local Inventariado, 2023/VM
650 #4 - ENCABEZAMIENTO DE MATERIA--TEMÁTICO
Término temático o nombre geográfico como elemento de entrada Cocina dominicana
Subdivisión temática general Fórmulas y recetas.
651 #4 - ENCABEZAMIENTO DE MATERIA--NOMBRE GEOGRÁFICO
Nombre geográfico República Dominicana
Subdivisión temática general Vida social y costumbres
700 1# - ASIENTO SECUNDARIO -- NOMBRE PERSONAL
Nombre personal Hernández,Mariano
Mención de responsabilidad fotografías
700 2# - ASIENTO SECUNDARIO -- NOMBRE PERSONAL
Nombre personal Cruz, Jorge
Mención de responsabilidad fotografías
910 ## - VALIDACIÓN
Validación VMateo V. Cotnrol de calidad. BPMSU
942 ## - ADDED ENTRY ELEMENTS (KOHA)
Source of classification or shelving scheme Dewey Decimal Classification
Koha item type Libros
Existencias
Withdrawn status Lost status Source of classification or shelving scheme Damaged status Not for loan Collection code Home library Current library Date acquired Coded location qualifier Total Checkouts Full call number Barcode Date last seen Price effective from Koha item type
    Dewey Decimal Classification     Colección Dominicana Biblioteca Pública Metropolitana Salomé Ureña Biblioteca Pública Metropolitana Salomé Ureña 06/20/2016 Santillana   BPMSUb CD 641.5 C348s 2013 BPMSU16060248 06/20/2016 06/20/2016 Libros